000 00757nam a2200229Ia 4500
003 IN-BaIIA
008 211028s9999 xx s 000 0 eng d
020 _a978-2-7598-05-88-4 (Online)
022 _a1633-4760 (Print)
022 _a1638-1963 (Online)
040 _cIIA Library
100 _aMonier, R., ed.
_938203
245 0 _aNon-LTE Line Formation for Trace Elements in Stellar Atmospheres
_h[eBook]
260 _aFrance
_bEDP Sciences
_c2010
300 _aiv, 235p.
490 _aEAS Publications Series
700 _aSmalley, B.
_938204
700 _aStee, Ph.
_938205
700 _aWahlgren, G.
_938206
856 _uhttps://www.eas-journal.org/articles/eas/abs/2010/04/contents/contents.html
_yClick Here to Access eBook
942 _cEB
999 _c20637
_d20637